[Event "4NCL Division 1b"]
[Site "Telford, ENG"]
[Date "2017.03.04"]
[Round "7.81"]
[White "Rogers, Jonathan W"]
[Black "Martins, David Pires Tavares"]
[Result "1-0"]
[WhiteElo "2308"]
[BlackElo "2393"]
[PlyCount "119"]
[EventDate "2017.03.04"]
[WhiteTeam "Barbican 4NCL 2"]
[BlackTeam "Oxford 1"]

1. Nf3 f5 2. d4 Nf6 3. g3 d6 4. Bg2 g6 5. O-O Bg7 6. c4 O-O 7. Nc3 c6 8. Rb1
Na6 9. b4 Nc7 10. Qb3 Bd7 11. Rd1 Qe8 12. c5+ Be6 13. Qa3 a6 14. Ng5 Bc4 15.
Qb2 h6 16. Nf3 Ncd5 17. Nxd5 Bxd5 18. Ne1 g5 19. f3 Qg6 20. Qc2 Rae8 21. g4 Be6
22. Rb2 Kh7 23. gxf5 Bxf5 24. e4 Bd7 25. Nd3 Nh5 26. Be3 Nf4 27. Nxf4 gxf4 28.
Bc1 h5 29. Qf2 a5 30. cxd6 exd6 31. bxa5 Rf7 32. Kh1 Rg8 33. Rg1 Qf6 34. Rd2 d5
35. e5 Qd8 36. Bf1 Bh6 37. Bd3+ Kh8 38. Rxg8+ Qxg8 39. Qh4 Rg7 40. Rd1 Qf7 41.
Qf6 Qxf6 42. exf6 Rf7 43. Bg6 Rxf6 44. Bxh5 Bf8 45. Bd2 Bd6 46. Rb1 Rh6 47. Bg4
Bxg4 48. fxg4 Rh7 49. Kg2 f3+ 50. Kxf3 Rxh2 51. Bf4 Bxf4 52. Kxf4 Rxa2 53. Rxb7
Rxa5 54. Rc7 Ra4 55. Ke5 Rc4 56. g5 Kg8 57. Kf6 Rxd4 58. Rc8+ Kh7 59. g6+ Kh6
60. Rh8# 1-0

[Event "4NCL Division 1b"]
[Site "Telford, ENG"]
[Date "2017.03.04"]
[Round "7.82"]
[White "Tan, Justin"]
[Black "Sowray, Peter J"]
[Result "1/2-1/2"]
[WhiteElo "2453"]
[BlackElo "2312"]
[PlyCount "165"]
[EventDate "2017.03.04"]
[WhiteTeam "Oxford 1"]
[BlackTeam "Barbican 4NCL 2"]

1. e4 e6 2. d4 d5 3. Nc3 Bb4 4. exd5 exd5 5. Bd3 Nc6 6. a3 Bxc3+ 7. bxc3 Nf6 8.
Ne2 O-O 9. O-O Bg4 10. f3 Bh5 11. Nf4 Bg6 12. Re1 Re8 13. Rb1 Rxe1+ 14. Qxe1 b6
15. g4 Qd6 16. Nxg6 hxg6 17. Qg3 Qe7 18. Bb5 Na5 19. Qe5 Qxe5 20. dxe5 Nh7 21.
f4 Nf8 22. Kf2 c6 23. Bd3 Nd7 24. e6 fxe6 25. Bxg6 Rf8 26. Kg3 Nc4 27. Bd3 Nd6
28. Be3 c5 29. g5 Kf7 30. Kg4 c4 31. Be2 Nc5 32. Bxc5 bxc5 33. Bf3 Nf5 34. h4
Ne3+ 35. Kg3 Nxc2 36. f5 exf5 37. Bxd5+ Kg6 38. Rb7 Ne3 39. Be6 f4+ 40. Kf3 a5
41. Rc7 a4 42. Rxc5 Nf1 43. Bxc4 Nd2+ 44. Ke2 Nxc4 45. Rxc4 Kh5 46. Kf3 g6 47.
Rxa4 Rd8 48. Rd4 Rc8 49. c4 Rc5 50. Kxf4 Rf5+ 51. Ke4 Re5+ 52. Kf3 Rc5 53. Rd7
Kxh4 54. Rd4+ Kxg5 55. Ke4 Kf6 56. a4 Ke6 57. Kd3 Ra5 58. Rg4 Rxa4 59. Rxg6+
Kd7 60. Kd4 Ra5 61. Kc3 Kc7 62. Kb4 Rh5 63. Rf6 Rg5 64. Rh6 Rf5 65. Rh4 Rg5 66.
Rd4 Kc6 67. Rh4 Kc7 68. Rh7+ Kc6 69. Rh4 Kc7 70. c5 Rg1 71. Kb5 Rb1+ 72. Rb4
Rxb4+ 73. Kxb4 Kc6 74. Kc4 Kc7 75. Kd5 Kd7 76. Kc4 Kc6 77. Kb4 Kc7 78. Kb5 Kb7
79. c6+ Kc7 80. Kc5 Kc8 81. Kd6 Kd8 82. c7+ Kc8 83. Kc6 1/2-1/2

[Event "4NCL Division 1b"]
[Site "Telford, ENG"]
[Date "2017.03.04"]
[Round "7.83"]
[White "Franklin, Samuel G A"]
[Black "Zakarian, David"]
[Result "1-0"]
[WhiteElo "2308"]
[BlackElo "2378"]
[PlyCount "49"]
[EventDate "2017.03.04"]
[WhiteTeam "Barbican 4NCL 2"]
[BlackTeam "Oxford 1"]

1. e4 c5 2. Nf3 e6 3. d4 cxd4 4. Nxd4 a6 5. Nc3 Qc7 6. Bd3 Bc5 7. Nb3 Be7 8.
O-O Nf6 9. f4 d6 10. Qe2 Nc6 11. Bd2 O-O 12. Rae1 Nd7 13. Rf3 Nc5 14. Rh3 Nxb3
15. Qh5 h6 16. axb3 Nb4 17. f5 Nxd3 18. cxd3 Rd8 19. Bxh6 Bf8 20. Bg5 f6 21.
Bxf6 Qb6+ 22. d4 Bd7 23. Qh7+ Kf7 24. Qg6+ Kg8 25. Rh7 1-0

[Event "4NCL Division 1b"]
[Site "Telford, ENG"]
[Date "2017.03.04"]
[Round "7.84"]
[White "Asenov, Pavel"]
[Black "Navarro Cia, Miguel"]
[Result "0-1"]
[WhiteElo "2335"]
[BlackElo "2261"]
[PlyCount "106"]
[EventDate "2017.03.04"]
[WhiteTeam "Oxford 1"]
[BlackTeam "Barbican 4NCL 2"]

1. d4 f5 2. Bg5 g6 3. Nc3 Bg7 4. e3 d5 5. h4 h6 6. Bf4 a6 7. Qf3 Be6 8. Qg3 Bf7
9. Bxc7 Qc8 10. Bd3 Nf6 11. h5 g5 12. Bxb8 Qxb8 13. Qxb8+ Rxb8 14. Bxf5 O-O 15.
Bg6 Bxg6 16. hxg6 b5 17. a3 a5 18. Nf3 b4 19. axb4 axb4 20. Nd1 Ne4 21. Nd2 Nd6
22. Ra5 Nb5 23. Ke2 Rf6 24. f3 Rxg6 25. Nf2 Rc6 26. Kd1 e5 27. dxe5 Bxe5 28.
Nd3 Re6 29. Nb3 Bg7 30. Kd2 Nd6 31. Rxd5 Nc4+ 32. Kc1 Nxe3 33. Nd4 Ra6 34. Nxb4
Rxb4 35. Rd8+ Kh7 36. Nb3 Rxb3 37. cxb3 Ra1+ 38. Kd2 Rxh1 39. Kxe3 Re1+ 40. Kf2
Rb1 41. Rd2 Kg6 42. g4 Rxb2 43. Rxb2 Bxb2 44. Ke3 Bc1+ 45. Ke4 Bf4 46. b4 Kf6
47. Kd5 Ke7 48. Kd4 Kd6 49. b5 Bg3 50. Kc4 Bf2 51. Kd3 Kd5 52. Ke2 Bb6 53. Kd3
Ke5 0-1

[Event "4NCL Division 1b"]
[Site "Telford, ENG"]
[Date "2017.03.04"]
[Round "7.85"]
[White "Chapman, Terry P D"]
[Black "Harvey, Marcus R"]
[Result "0-1"]
[WhiteElo "2251"]
[BlackElo "2275"]
[PlyCount "50"]
[EventDate "2017.03.04"]
[WhiteTeam "Barbican 4NCL 2"]
[BlackTeam "Oxford 1"]

1. c4 e5 2. Nc3 Nc6 3. g3 Nf6 4. Bg2 Bc5 5. d3 O-O 6. Nf3 h6 7. O-O d6 8. e3 a6
9. a3 Ba7 10. b4 Re8 11. Bb2 Bf5 12. Nd5 Nxd5 13. cxd5 Ne7 14. e4 Bh7 15. Re1
f5 16. Nh4 Rf8 17. exf5 Nxf5 18. Nxf5 Rxf5 19. d4 Qf6 20. Qc2 Rf8 21. Rf1 exd4
22. Qxc7 Rxf2 23. Qxb7 Be4 24. Bxe4 Rxf1+ 25. Kg2 Rxa1 0-1

[Event "4NCL Division 1b"]
[Site "Telford, ENG"]
[Date "2017.03.04"]
[Round "7.86"]
[White "Gerlagh, Joris"]
[Black "Moss, Guy"]
[Result "1/2-1/2"]
[WhiteElo "2266"]
[BlackElo "2082"]
[PlyCount "139"]
[EventDate "2017.03.04"]
[WhiteTeam "Oxford 1"]
[BlackTeam "Barbican 4NCL 2"]

1. d4 d5 2. c4 c6 3. Nf3 Nf6 4. g3 Bf5 5. Bg2 e6 6. O-O h6 7. Nc3 Nbd7 8. Nd2
Be7 9. Re1 O-O 10. e4 dxe4 11. Ndxe4 Nb6 12. b3 Re8 13. Bb2 Qc7 14. Qe2 Rad8
15. Rad1 Nbd7 16. h3 a6 17. Qf3 Bg6 18. Nxf6+ Nxf6 19. d5 exd5 20. cxd5 cxd5
21. Nxd5 Nxd5 22. Rxd5 Bf8 23. Rc1 Qb6 24. Rxd8 Rxd8 25. Qxb7 Qxb7 26. Bxb7 Rd2
27. Be5 Ba3 28. Rc8+ Kh7 29. g4 Rxa2 30. f4 Bd3 31. Rc3 f6 32. Bd4 Bg6 33. f5
Bf7 34. Rc7 Kg8 35. Bxa6 Bxb3 36. Rb7 Bd5 37. Rd7 Bb3 38. Rb7 Bd5 39. Rb5 Bf7
40. Rb8+ Kh7 41. Rb7 Bd6 42. Rxf7 Rxa6 43. Kg2 Kg8 44. Rd7 Bf8 45. Rd8 Kf7 46.
Rd7+ Ke8 47. Rb7 Rd6 48. Rb8+ Rd8 49. Rxd8+ Kxd8 50. Kf3 Kd7 51. Ke4 Kc6 52.
Bb2 Bd6 53. Bc3 Bc5 54. Be1 Bd6 55. h4 Be7 56. Bc3 Bd6 57. g5 hxg5 58. hxg5 Be7
59. g6 Bf8 60. Bb2 Be7 61. Bd4 Bf8 62. Bc3 Be7 63. Ba5 Bf8 64. Bd8 Kd7 65. Bb6
Kc6 66. Ba5 Be7 67. Kd4 Bf8 68. Kc4 Be7 69. Bd2 Bf8 70. Bc3 1/2-1/2

[Event "4NCL Division 1b"]
[Site "Telford, ENG"]
[Date "2017.03.04"]
[Round "7.87"]
[White "Coleman, David J"]
[Black "Dickinson, Tim R"]
[Result "1-0"]
[WhiteElo "2143"]
[BlackElo "2072"]
[PlyCount "121"]
[EventDate "2017.03.04"]
[WhiteTeam "Barbican 4NCL 2"]
[BlackTeam "Oxford 1"]

1. e4 e5 2. f4 Bc5 3. Nf3 d6 4. Bc4 Nf6 5. d3 Nc6 6. Nc3 h6 7. Na4 Bb6 8. Nxb6
axb6 9. fxe5 Nxe5 10. Nxe5 dxe5 11. O-O Qe7 12. Qf3 Kf8 13. Be3 Be6 14. Bb3 Ng4
15. Bxe6 Qxe6 16. Bd2 Nf6 17. Bc3 Nd7 18. a3 f6 19. Rf2 Ke7 20. Raf1 Rhf8 21.
Qg3 Rf7 22. Rf5 c5 23. Qe3 Ra4 24. Qc1 b5 25. b3 Ra6 26. Bb2 Rd6 27. Qe3 Kf8
28. Qg3 c4 29. dxc4 bxc4 30. Bc3 Rc6 31. b4 b5 32. h3 Ra6 33. Bb2 Qc6 34. Qg4
c3 35. Bc1 Nb6 36. Be3 Nd7 37. Bc1 Nb6 38. R5f3 Ra8 39. Re1 Rd8 40. Qg3 Na4 41.
Be3 Rd2 42. Qg6 Rxc2 43. Kh2 Ke7 44. Rd1 Re2 45. Bc5+ Nxc5 46. bxc5 c2 47. Rd6
Qxc5 48. Rd7+ Kxd7 49. Qxf7+ Kc6 50. Qe8+ Kc7 51. Rd3 Qc6 52. Qd8+ Kb7 53. Rd7+
Ka6 54. Rc7 Rxg2+ 55. Kxg2 Qxe4+ 56. Kf2 Qf4+ 57. Ke2 Qh2+ 58. Kd3 e4+ 59. Kxe4
Qe2+ 60. Kf5 g6+ 61. Kxg6 1-0

[Event "4NCL Division 1b"]
[Site "Telford, ENG"]
[Date "2017.03.04"]
[Round "7.88"]
[White "Varney, Zoe"]
[Black "Regan, Natasha K"]
[Result "0-1"]
[WhiteElo "1988"]
[BlackElo "1995"]
[PlyCount "94"]
[EventDate "2017.03.04"]
[WhiteTeam "Oxford 1"]
[BlackTeam "Barbican 4NCL 2"]

1. e4 e5 2. Nf3 Nc6 3. Bc4 Nf6 4. Ng5 d5 5. exd5 Na5 6. Bb5+ c6 7. dxc6 bxc6 8.
Qf3 Be7 9. Bxc6+ Nxc6 10. Qxc6+ Bd7 11. Qc4 O-O 12. Nc3 Rc8 13. Qe2 h6 14. Nge4
Nxe4 15. Qxe4 Bc6 16. Qg4 f5 17. Qh3 f4 18. d3 Kh7 19. Rg1 Bc5 20. Ne4 Bxe4 21.
dxe4 Qd4 22. Qf3 Bb4+ 23. c3 Rxc3 24. bxc3 Bxc3+ 25. Ke2 Rd8 26. Qh3 Bxa1 27.
Qb3 Qxe4+ 28. Kf1 Rc8 29. Bd2 Bd4 30. Rh1 Rc7 31. f3 Qg6 32. Qd1 Rb7 33. Bc1
Rb1 34. Ke2 Be3 35. Bxe3 Rxd1 36. Rxd1 fxe3 37. Kxe3 Qxg2 38. Rd2 Qg5+ 39. Kd3
Qf4 40. Rf2 e4+ 41. Ke2 e3 42. Rg2 g5 43. a3 Qd4 44. Ke1 Qc3+ 45. Kd1 Qxa3 46.
Ke2 Qb2+ 47. Kf1 Qc1+ 0-1